Fyzikálne praktikum. : (Mechanika a molekulová fyzika. Kmity, vlny, optika). /
Uložené v:
| Hlavný autor: | |
|---|---|
| Médium: | Kniha |
| Jazyk: | Slovak |
| Vydané: |
Nitra :
Univerzita Konštantína Filozofa v Nitre,
1999
|
| Vydanie: | 1. vyd. |
| Edícia: | Prírodovedec
|
| Témy: | |
| ISBN: |
8080502374 (brož.) |
| Fyzický popis: |
124 s. |
| Tagy: |
Pridať tag
Žiadne tagy, Buďte prvý kto otaguje tento záznam!
|
Titul je dostupný aj v ... 

MARC
| LEADER | 00000nam a2200000 a 4500 | ||
|---|---|---|---|
| 001 | 000085721 | ||
| 003 | SVKK | ||
| 005 | 20011227000000.0 | ||
| 008 | 011127s1999 xo e sloo | ||
| 020 | |a 8080502374 (brož.) | ||
| 040 | |a SVKKK |b slo |c SVKKK |e AACR2 | ||
| 041 | 0 | |a slo | |
| 044 | |a xo |c SK | ||
| 080 | |a 53(075.8)(076) |2 1997 | ||
| 100 | 1 | |a Kecskés, Arpád |4 aut | |
| 245 | 1 | 0 | |a Fyzikálne praktikum. : |b (Mechanika a molekulová fyzika. Kmity, vlny, optika). / |c Arpád Kecskés...[et al.] |
| 250 | |a 1. vyd. | ||
| 260 | |a Nitra : |b Univerzita Konštantína Filozofa v Nitre, |c 1999 | ||
| 300 | |a 124 s. | ||
| 440 | 0 | |a Prírodovedec | |
| 653 | 0 | |a fyzika |2 SVKKKPH | |
| 653 | 0 | |a cvičenia |2 SVKKKPH | |
| 653 | 0 | |a učebnice VŠ |2 SVKKKPH | |
| 655 | 7 | |a učebnice vysokých škôl |2 SVKKKPH | |
| 910 | |a svkkk | ||
| 919 | |a 80-8050-237-4 | ||
| 974 | |a UH |d 20011218 | ||
| 974 | |a KL |d 20011218 | ||
| 974 | |a MI |d 20011227 | ||
| 998 | |a BK | ||
| 090 | |g SCKHL |k Sklad Hlavná 10 prízemie |a V.207667 |j 943116 |i 2720176472 |s Absenčne | ||